00660 2200241 4500001002100000005001500021035002000036007000300056008003900059020001900098082000800117084001400125100001400139245004700153250001300200260003900213300003900252500001100291650004400302650003200346990002000378990002000398INLIS00000000000335320221108101638 a0010-1122000040ta221108 | | |  a978047133203-9 a611 a611 JIM s0 aJim Wiese1 aSains dari Kepala Sampai Kaki /cJim Wiese aCet.2,-- aBandung. :bPT. Pakar Raya,c2005. a120 hlm. :bilus. ;c17,5 x 25 cm. aIndeks aPenyunting bahasa, Rachma Apsari, A.Md aPewajah Ulang, Rio Kuswanto a11421/P/BL/2016 a11419/P/BL/2016